000 01432nam0a2200337 4500
001 RU\NLR\bibl\1200872
005 20250630112929.0
010 _a978-5-235-03073-2
021 _aRU
_b2008-3234
_9172
035 _a(NLR Aleph) 001187376
090 _a1695566
_c1695566
100 _a20080228d2008 |||y0rusy50 ca
101 0 _arus
102 _aRU
105 _aa |||||||||
200 1 _aЛариса Рейснер
_fГалина Пржиборовская
210 _aМосква
_cМолодая гвардия
_d2008
215 _a486, [2] с., [16] л. ил., портр.
_d21
225 1 _aЖизнь замечательных людей
_eсерия биографий
_fоснована в 1890 году Ф. Павленковым и продолжена в 1933 году М. Горьким
_vвып. 1286 (1086)
300 _aНа корешке загл. сер.: ЖЗЛ
320 _aБиблиогр.: с. 481-483
600 1 _aРейснер
_bЛ.М.
_f1895 - 1926
_gЛариса Михайловна
_91512668
_3RU\NLR\auth\66958729
686 _aШ5(2=Р)7-4Рейснер
700 1 _aПржиборовская
_bГ. А.
_f1940-2014
_gГалина Андреевна
_4070
801 0 _aRU
_bNLR
_c20080228
_gRCR
801 1 _aRU
_bNLR
_c20080228
830 _aпо кн
942 _cBOOK
980 _aNB